Vista normal Vista MARC

Entrada Topical Term

Número de registros utilizados en: 1

001 - CONTROL NUMBER

  • control field: 9335

003 - CONTROL NUMBER IDENTIFIER

  • control field: OSt

005 - DATE AND TIME OF LATEST TRANSACTION

  • control field: 20200827100841.0

008 - FIXED-LENGTH DATA ELEMENTS

  • fixed length control field: 200827|| aca||aabn | a|a d

040 ## - CATALOGING SOURCE

  • Original cataloging agency: OSt
  • Transcribing agency: OSt

150 ## - HEADING--TOPICAL TERM

  • Topical term or geographic name entry element: Presupuesto
  • Geographic subdivision: América Latina

670 ## - SOURCE DATA FOUND

  • Source citation: Work cat.: (OSt)4443: Martner, Gonzalo, autor 9333, Planificacion y presupuesto por programas / , 1977